• 首页
  • 本馆介绍
  • 公告通知
  • 最新文献
  • 馆藏检索
  • 电子资源
  • 读者导购
  • 参考咨询
  • 我的图书馆
  • 登录
  • 详细信息显示
  • 放入我的书架
  • 预约/预借图书
  • 作者相关作品
  • 分类相关作品
  • 丛书相关作品
  • 出版社相关作品

书目信息

  • 表格格式
  • 工作单格式
  • 卡片格式
题名:
印刷设计
    
 
作者: 仲星明 , 耿凌艳 编著
分册:  
出版信息: 上海   上海人民美术出版社  2006
页数: 138页
开本: 26cm
丛书名:
单 册:
中图分类: TS801.4
科图分类:
主题词: 印刷--设计--高等学校--教材 , 印刷
电子资源:
ISBN: 7-5322-4663-9
000 00858nam0 2200253 450
001 003216441
005 20070807171522.85
010    @a7-5322-4663-9@dCNY39.80
100    @a20060210d2006 em y0chiy0110 ea
101 0  @achi
102    @aCN@b310000
105    @aa z 000yy
200 1  @a印刷设计@9yin shua she ji@f仲星明,耿凌艳编著
210    @a上海@c上海人民美术出版社@d2006
215    @a138页@c图@d26cm
300    @a中国高等院校艺术设计专业系列教材
330    @a本书从印刷概论、印刷流程概述、色彩管理系统、数字印刷等6个方面简洁明了地介绍了印刷设计的相关知识,并详尽阐述了基本实现数字化的印前处理等内容。
606 0  @a印刷@x设计@x高等学校@j教材
606 0  @a印刷
690    @aTS801.4@v4
701  0 @a仲星明@9zhong xing ming@4编著
701  0 @a耿凌艳@9geng ling yan@c(印刷工业)@4编著
801  0 @aCN@bNLC@c20070807
905    @a10447@dTS801.4@e49
    
    印刷设计/仲星明,耿凌艳编著.-上海:上海人民美术出版社,2006
    138页:图;26cm
    中国高等院校艺术设计专业系列教材
    
    ISBN 7-5322-4663-9:CNY39.80
    本书从印刷概论、印刷流程概述、色彩管理系统、数字印刷等6个方面简洁明了地介绍了印刷设计的相关知识,并详尽阐述了基本实现数字化的印前处理等内容。
●
相关链接 在E读中查询图书 在五车中查询图书 在当当中查询图书 在豆瓣中查询图书


正题名:印刷设计     索取号:TS801.4/49         预约/预借

序号 登录号 条形码 馆藏地/架位号 状态 备注
1 0809442   208094426   第二样本阅览室/ [索取号:TS801.4/49] 在馆    
2 0809443   208094435   第三借阅区/ [索取号:TS801.4/49] 在馆    
3 0809444   208094444   第三借阅区/ [索取号:TS801.4/49] 在馆    
4 0809445   208094453   第三借阅区/ [索取号:TS801.4/49] 在馆    
5 0809446   208094462   第三借阅区/ [索取号:TS801.4/49] 在馆    
6 0809447   208094471   第三借阅区/ [索取号:TS801.4/49] 在馆    
7 0809448   208094480   第三借阅区/ [索取号:TS801.4/49] 在馆    
8 0809449   208094499   第三借阅区/ [索取号:TS801.4/49] 在馆    
9 0809450   208094505   第三借阅区/ [索取号:TS801.4/49] 在馆    
10 0809451   208094514   第三借阅区/ [索取号:TS801.4/49] 在馆    
唐山师范学院图书馆 欢迎您!
大连网信软件有限公司© 版权所有